=LDR 00000nam 2200000 4500 =001 INLIS000000000008522 =005 20130612100358 =008 ************************************* =035 ##$$0010-061300000008522 =082 ##$$a 372.6 =090 ##$$a 372.6, Luk p =100 ##$$a Lukman =245 ##$$a Pelajaran bahasa Indonesia 2b, Lukman, BA =260 ##$$a 2001 $b Jakarta =300 ##$$a 112 hlm., 28 cm =650 ##$$a Bahasa Indonesia =850 ##$$a NBPNMAT